000 01288nam a2200229 4500
001 0000010710
005 20250329165417.0
008 180403s2023 000 0 eng d
040 _aCO-CtgCURN
_bspa
_ccoctgcurn
082 0 _aBAC 2023
_bB565
100 1 _aBetts Verbel, Lia Margarita.
245 1 0 _aFrecuencia de toxoplasmosis en una institución en salud de la ciudad de Cartagena durante el año 2020 hasta el año 2022 /
_cLia Margarita Betts Verbel; Andrea Carolina Meza Quintana; Daniela Andrea Blanco Mato; directora: Mavianis Pinilla Perez.
260 _aCartagena de Indias :
_bCorporación Universitaria Rafael Nuñez,
_c2023.
504 _aTrabajo de grado (Bacteriologia). Corporación Universitaria Rafael Nuñez. Facultad de Ciencias de la Salud. Bacteriologia, 2023.
650 0 _aBacteriologia
_vTesis y disertaciones academicas.
700 1 _aMeza Quintana, Andrea Carolina.
700 1 _aBlanco Mato, Daniela Andrea.
700 1 _aPinilla Perez, Mavianis,
_eDirectora.
856 _uhttps://unicurn.sharepoint.com/:b:/s/biblioteca/EQp6Vr5i6PhGoHA_Pqnpy6sBhXUi0DKye7IHcZdyiFS1CQ?e=YQWbHy
_zClick aqui para ver el recurso en texto completo
942 _2ddc
_cTG
_hBAC 2023
_iB565
999 _c3090
_d3090